| 000 | 00573nam a2200205 i 4500 | ||
|---|---|---|---|
| 001 | 123049 | ||
| 003 | ES-MaACL | ||
| 005 | 20250712063127.0 | ||
| 007 | t| | ||
| 008 | 070214s1970 sp r ||||0| spa d | ||
| 080 | _a821.111(73)-31"19" | ||
| 100 |
_aPuzo, Mario, _d1920-1999 _9237673 |
||
| 245 | 1 | 3 |
_aEl padrino / _cMario Puzo ; traducción de Ángel Arnau. |
| 250 | _a1ª ed. | ||
| 260 |
_aBarcelona : _bGrijalbo, _c1970. |
||
| 300 |
_a443 p : _bil ; _c20 cm. |
||
| 700 | 1 |
_aArnau, Angel. _923047 |
|
| 852 | 4 |
_aES-MaACL _jC-39502 |
|
| 999 |
_c123049 _d123049 |
||